000 00683cam a22002534a 4500
003 UPN
005 20230310063606.0
008 021209s1997 mx r 000 f spa d
020 _a9684762801
035 _aUPN01000121273
040 _aUPN
_bspa
_cUPN
049 _aCG
050 4 _aPR6005 O4
_bA3
100 1 _aConrad, Joseph,
_d1857-1924
_932069
245 1 3 _aEl agente secreto /
_cJoseph Conrad ; tr. Marco Aurelio Galindo.
260 _aMéxico :
_bFontamara,
_c1997.
300 _a270 p.
490 0 _aFontamara ;
_v202
534 _pTítulo original:
_tThe secret agent
650 4 _aNovela inglesa
_94471
902 _aMMA/pgv
905 _aLibro
942 _2lcc
_cLIBRO
999 _c93529
_d93529